Statistics for Country code - 2 letters

Click here to take the quiz!

General Stats

  • This quiz has been taken 692 times
  • The average score is 146 of 195

Answer Stats

CountryCapital City% Correct
AlbaniaAL
99%
BelgiumBE
98%
BrazilBR
97%
AustraliaAU
96%
AndorraAD
94%
Bosnia and
Herzegovina
BA
94%
CanadaCA
94%
Costa RicaCR
94%
GreeceGR
94%
BulgariaBG
93%
BahamasBS
93%
SwitzerlandCH
93%
ColombiaCO
93%
SpainES
93%
FranceFR
93%
BahrainBH
92%
GermanyDE
92%
FinlandFI
92%
AustriaAT
91%
Czech RepublicCZ
91%
EthiopiaET
91%
HungaryHU
91%
LaosLA
91%
MoroccoMA
91%
SwedenSE
91%
Sierra LeoneSL
91%
ArgentinaAR
90%
BoliviaBO
90%
IranIR
90%
ItalyIT
90%
LiechtensteinLI
90%
MoldovaMD
90%
San MarinoSM
90%
AfghanistanAF
89%
LuxembourgLU
89%
NorwayNO
89%
PanamaPA
89%
PolandPL
89%
Saudi ArabiaSA
89%
SlovakiaSK
89%
IsraelIL
88%
MonacoMC
88%
MaliML
88%
MongoliaMN
88%
NigerNE
88%
RomaniaRO
88%
RussiaRU
88%
SurinameSR
88%
AzerbaijanAZ
87%
BruneiBN
87%
GeorgiaGE
87%
IndonesiaID
87%
IndiaIN
87%
LithuaniaLT
87%
MaltaMT
87%
SloveniaSI
87%
Ivory CoastCI
86%
SenegalSN
86%
CameroonCM
85%
CyprusCY
85%
DenmarkDK
85%
Vatican CityVA
85%
Antigua and BarbudaAG
84%
ArmeniaAM
84%
IraqIQ
84%
LebanonLB
84%
SomaliaSO
84%
GabonGA
83%
PortugalPT
83%
Democratic Republic
of the Congo
CD
82%
CubaCU
82%
DominicaDM
82%
KazakhstanKZ
82%
NicaraguaNI
82%
SyriaSY
82%
United StatesUS
82%
BhutanBT
81%
ChileCL
81%
EcuadorEC
81%
GuyanaGY
81%
JapanJP
81%
KuwaitKW
81%
MalaysiaMY
81%
El SalvadorSV
81%
UkraineUA
81%
BurundiBI
80%
BelizeBZ
80%
United KingdomGB
80%
JordanJO
80%
MontenegroME
80%
MadagascarMG
80%
MexicoMX
80%
PeruPE
80%
VenezuelaVE
80%
NamibiaNA
79%
OmanOM
79%
São Tomé and PríncipeST
79%
BangladeshBD
78%
Dominican RepublicDO
78%
LatviaLV
78%
NauruNR
78%
Papua New GuineaPG
78%
PakistanPK
78%
QatarQA
78%
ThailandTH
78%
ChinaCN
77%
EritreaER
77%
HaitiHT
77%
JamaicaJM
77%
NepalNP
77%
PhilippinesPH
77%
TurkeyTR
77%
VietnamVN
77%
EgyptEG
76%
KiribatiKI
76%
ParaguayPY
76%
SingaporeSG
76%
TajikistanTJ
76%
TongaTO
76%
UruguayUY
76%
IrelandIE
75%
New ZealandNZ
75%
Trinidad and TobagoTT
75%
TaiwanTW
75%
UzbekistanUZ
75%
YemenYE
75%
BarbadosBB
74%
FijiFJ
74%
MauritaniaMR
74%
Cape VerdeCV
73%
GuineaGN
73%
GuatemalaGT
73%
KyrgyzstanKG
73%
MaldivesMV
73%
NetherlandsNL
73%
UgandaUG
73%
United Arab EmiratesAE
72%
GrenadaGD
72%
Saint Kitts and NevisKN
72%
South KoreaKR
72%
Solomon IslandsSB
72%
TuvaluTV
72%
DjiboutiDJ
71%
GambiaGM
71%
HondurasHN
71%
KenyaKE
71%
TurkmenistanTM
71%
Burkina FasoBF
70%
NigeriaNG
70%
South SudanSS
70%
SudanSD
69%
BotswanaBW
68%
GhanaGH
68%
MyanmarMM
67%
VanuatuVU
67%
IcelandIS
65%
SeychellesSC
65%
TogoTG
65%
LesothoLS
64%
LibyaLY
64%
MozambiqueMZ
63%
RwandaRW
63%
TunisiaTN
63%
Saint Vincent and the
Grenadines
VC
63%
Saint LuciaLC
62%
MalawiMW
62%
MauritiusMU
61%
TanzaniaTZ
58%
AngolaAO
57%
CroatiaHR
57%
South AfricaZA
57%
LiberiaLR
56%
Marshall IslandsMH
55%
ZambiaZM
54%
EswatiniSZ
52%
ZimbabweZW
52%
Federated States of
Micronesia
FM
51%
East TimorTL
51%
Republic of the CongoCG
49%
EstoniaEE
48%
BelarusBY
37%
CambodiaKH
35%
Central African RepublicCF
33%
North MacedoniaMK
33%
SerbiaRS
33%
Sri LankaLK
32%
Equatorial GuineaGQ
23%
North KoreaKP
23%
AlgeriaDZ
22%
ComorosKM
22%
ChadTD
21%
BeninBJ
20%
PalauPW
18%
Guinea-BissauGW
15%
SamoaWS
12%

Score Distribution

Percentile by Number Answered

Percent of People with Each Score

Your Score History

You have not taken this quiz